000
00283nam a22001217a 4500
008
170612b xxu||||| |||| 00| 0 eng d
041
_a
eng
080
_a
94(7//8)
100
_a
19
101
_a
SHH
245
_a
THE BLACK AMERICAN REFERENCE BOOK
_c
SMYTHE.M.M
942
_2
udc
_c
BK
999
_c
16840
_d
16840